| 000 | 00459nam a2200181Ia 4500 | ||
|---|---|---|---|
| 008 | 240925s9999 xx 000 0 und d | ||
| 020 | _a534930700 | ||
| 082 | _a624.171 KAS | ||
| 100 | _aKarrimali, aslam | ||
| 245 | 0 | _aStructural Analysis | |
| 250 | _aNA | ||
| 260 |
_aBoston: _bPWS Kent publishing Co _c,1993. |
||
| 300 |
_aiv,162p. _bNA _fOriginal |
||
| 500 | _aIncludes Index | ||
| 600 | _aElectronic Engineering | ||
| 650 | _aTechnology | ||
| 942 | _cBK | ||
| 999 |
_c3836 _d3836 |
||